Principles of genetics /
Gespeichert in:
| 1. Verfasser: | |
|---|---|
| Format: | Sách giấy |
| Sprache: | English |
| Veröffentlicht: |
Dubuque, Iowa :
Wm. C. Brown Publishers,
1993
|
| Ausgabe: | 4th ed. |
| Tags: |
Tag hinzufügen
Keine Tags, Fügen Sie den ersten Tag hinzu!
|
| Thư viện lưu trữ: | Thư viện Trường Đại học Đà Lạt |
|---|
| LEADER | 00675nam a2200253 4500 | ||
|---|---|---|---|
| 001 | DLU040029546 | ||
| 005 | ##11/2/1998 | ||
| 041 | # | # | |a eng |
| 082 | # | # | |a 576.5 |b TA-R |
| 100 | # | # | |a Tamarin, Robert H. |
| 245 | # | # | |a Principles of genetics / |c Robert H. Tamarin |
| 250 | # | # | |a 4th ed. |
| 260 | # | # | |a Dubuque, Iowa : |b Wm. C. Brown Publishers, |c 1993 |
| 300 | # | # | |a xiv, 674 p. : |b ill. (some col.) ; |c 29 cm |
| 504 | # | # | |a Includes bibliographical references (p. 621-641) and index. |
| 992 | # | # | |a 27000 |
| 994 | # | # | |a DLU |
| 900 | # | # | |a True |
| 911 | # | # | |a Thái Thị Thanh Thủy |
| 925 | # | # | |a G |
| 926 | # | # | |a A |
| 927 | # | # | |a SH |
| 980 | # | # | |a Thư viện Trường Đại học Đà Lạt |